| 000 | 01059nam a2200265 a 4500 | ||
|---|---|---|---|
| 001 | 446 | ||
| 003 | BR-CuiBMT | ||
| 005 | 20231106232550.0 | ||
| 008 | 231106b2017 mgba 000 0 eng d | ||
| 020 | _a9788545001850 | ||
| 040 |
_aBR-CuiBMT _cBR-CuiBMT |
||
| 080 |
_22007 _a342.7:32 |
||
| 090 |
_a342.7:32 _bC758 |
||
| 245 | 0 | 0 |
_aConstituição, direitos fundamentais e política : _bestudos em homenagem ao professor José Joaquim Gomes Canotilho / _cHélio Pinheiro Pinto ... [et al.] coordenadores ; [autores Alberto Jorge Correia de Barros Lima ... et al.]. |
| 260 |
_aBelo Horizonte : _bFórum, _c2017. |
||
| 300 |
_a563 p. : _bil. ; _c24 cm |
||
| 500 | _aVários autores. | ||
| 505 | _aInclui bibliografia. | ||
| 650 |
_aDireito constitucional _vColetânea _zBrasil |
||
| 650 |
_aDireitos e garantias individuais _zBrasil |
||
| 650 |
_aAdministração pública _xControle _xAspectos constitucionais _zBrasil |
||
| 700 | 1 |
_aPinto, Hélio Pinheiro _4et al. _4coord. |
|
| 700 | 1 |
_aLima, Alberto Jorge Correia de Barros _eet al. _eautores |
|
| 942 |
_2udc _cLV |
||
| 999 |
_c446 _d446 |
||